[Event "Thueringen-Saarland"]
[Site "Wismar"]
[Date "2009.10.01"]
[Round "4.5"]
[White "Sonnhalter, Stella"]
[Black "Senf, Paul"]
[Result "1-0"]
[WhiteElo "1746"]
[BlackElo "1494"]
[PlyCount "51"]
[EventDate "2009.??.??"]
[WhiteTeam "Saarland"]
[BlackTeam "Thüringen"]

1. e4 c6 2. Nf3 d5 3. exd5 cxd5 4. Ne5 Nf6 5. d4 g6 6. Bd3 Bg7 7. O-O O-O 8. c3
Nbd7 9. Nd2 Ne8 10. f4 Nd6 11. Qe1 Nf6 12. Kh1 Qc7 13. Ndf3 Re8 14. Qh4 Bf5 15.
Bxf5 Nxf5 16. Qh3 Rf8 17. g4 Nd6 18. f5 b5 19. fxg6 fxg6 20. Ng5 Qc8 21. Rxf6
Rxf6 22. Qxh7+ Kf8 23. Nxg6+ Rxg6 24. Qxg6 Kg8 25. Ne6 Ne8 26. Bh6 1-0

[Event "Thueringen-Saarland"]
[Site "Wismar"]
[Date "2009.10.01"]
[Round "4.6"]
[White "Juenger, Theresa"]
[Black "Schmitt, Carsten"]
[Result "1-0"]
[WhiteElo "1581"]
[BlackElo "1588"]
[PlyCount "49"]
[EventDate "2009.??.??"]
[WhiteTeam "Thüringen"]
[BlackTeam "Saarland"]

1. e4 e5 2. Nf3 Nc6 3. d4 d6 4. Bb5 Bd7 5. Nc3 Nge7 6. Bg5 f6 7. Bh4 a6 8. Bc4
Na7 9. O-O Nac8 10. dxe5 fxe5 11. Ng5 d5 12. Nxd5 Nd6 13. Qf3 Bc6 14. Rad1 Bxd5
15. Bxd5 Qd7 16. Bf7+ Kd8 17. Be6 Qe8 18. Nf7+ Qxf7 19. Qxf7 c6 20. Rxd6+ Kc7
21. Rd7+ Kb6 22. Bxe7 Bxe7 23. Qxe7 Rhe8 24. Qb4+ Ka7 25. Qxb7# 1-0

[Event "Thueringen-Saarland"]
[Site "Wismar"]
[Date "2009.10.01"]
[Round "4.7"]
[White "Bruehan, Caren"]
[Black "Zahn, Alina"]
[Result "1/2-1/2"]
[WhiteElo "1291"]
[BlackElo "1583"]
[PlyCount "98"]
[EventDate "2009.??.??"]
[WhiteTeam "Saarland"]
[BlackTeam "Thüringen"]

1. d4 d5 2. Nf3 c5 3. e3 Nf6 4. c4 cxd4 5. exd4 Bg4 6. Nc3 e6 7. Bg5 h6 8. Bh4
Nc6 9. Be2 dxc4 10. Bxc4 Bxf3 11. Bxf6 Qxf6 12. Qxf3 Qxf3 13. gxf3 Nxd4 14.
Bb5+ Ke7 15. Rd1 Nxf3+ 16. Kf1 Rd8 17. Kg2 Nh4+ 18. Kh3 Nf5 19. Ne4 Nd6 20.
Nxd6 Rxd6 21. Rxd6 Kxd6 22. Rd1+ Kc5 23. Be8 f6 24. Bf7 e5 25. Rd8 g5 26. Kg4
Kb6 27. Kf5 Kc7 28. Re8 Kd6 29. Kxf6 Kd7 30. Rxe5 Bd6 31. Rd5 Kc6 32. h3 Rf8
33. Rf5 Kd7 34. Kg7 Ke7 35. Bg6 Rxf5 36. Bxf5 Be5+ 37. Kxh6 Kf6 38. Bc8 b6 39.
b3 Bd4 40. f3 Be3 41. Kh5 Ke5 42. h4 gxh4 43. Kxh4 Kd4 44. Be6 Kc3 45. Kg4 Kb4
46. a4 b5 47. axb5 Kxb5 48. f4 Bxf4 49. Kxf4 a5 1/2-1/2

[Event "Thueringen-Saarland"]
[Site "Wismar"]
[Date "2009.10.01"]
[Round "4.8"]
[White "Juenger, Alexander"]
[Black "Hess, Sophie"]
[Result "0-1"]
[WhiteElo "1346"]
[BlackElo "970"]
[PlyCount "70"]
[EventDate "2009.??.??"]
[WhiteTeam "Thüringen"]
[BlackTeam "Saarland"]

1. b3 {[%emt 0:00:00]} b6 2. Bb2 Bb7 3. e3 e6 4. Nf3 Nf6 5. Be2 Be7 6. O-O O-O
7. d3 d5 8. Nbd2 c5 9. c4 Nc6 10. Ne5 Nxe5 11. Bxe5 Nd7 12. Bb2 Bd6 13. Qc2 Qc7
14. h3 Qc6 15. d4 Rac8 16. Bf3 Qc7 17. Rfe1 f5 18. Rac1 Nf6 19. Be2 Ne4 20. Nf3
f4 21. Bd3 fxe3 22. fxe3 Rf5 23. Rf1 Rcf8 24. Bxe4 dxe4 25. Ne5 cxd4 26. exd4
e3 27. Rxf5 Rxf5 28. Rf1 Bxe5 29. dxe5 Qc5 30. Qe2 Rg5 31. g4 Qc6 32. Qh2 Qe4
33. Rf4 Qd3 34. Ba3 Qd1+ 35. Rf1 Rxg4+ 0-1

[Event "Mecklenburg-Vorpommern 2-Sachsen-Anhalt"]
[Site "Wismar"]
[Date "2009.10.01"]
[Round "4.1"]
[White "Rafayevych, Vilen"]
[Black "Lehmann, Ruben"]
[Result "1-0"]
[WhiteElo "2042"]
[BlackElo "1846"]
[PlyCount "87"]
[EventDate "2009.??.??"]
[WhiteTeam "Sachsen-Anhalt"]
[BlackTeam "Mecklenburg-Vorpommern 2"]

1. d4 {[%emt 0:00:00]} Nf6 2. c4 c5 3. d5 b5 4. cxb5 a6 5. b6 Qxb6 6. Nc3 g6 7.
a4 Bg7 8. a5 Qb7 9. e4 d6 10. Nf3 O-O 11. Nd2 Bd7 12. Be2 Bb5 13. Nc4 Bxc4 14.
Bxc4 Qb4 15. Ra4 Qb7 16. O-O Nbd7 17. f4 Rfb8 18. Qe2 Ne8 19. Kh1 Nc7 20. e5
dxe5 21. f5 Nb5 22. d6 Nxc3 23. bxc3 Nf6 24. fxg6 hxg6 25. Qxe5 exd6 26. Qxd6
Rd8 27. Qxc5 Rac8 28. Qb6 Qd7 29. Rb4 Rc6 30. Qf2 Qc7 31. Be3 Rxc4 32. Bb6 Ng4
33. Qh4 Qxh2+ 34. Qxh2 Nxh2 35. Rxc4 Nxf1 36. Bxd8 Ng3+ 37. Kh2 Ne2 38. Rc8
Be5+ 39. Kh1 Kg7 40. c4 Ng3+ 41. Kg1 f5 42. Bb6 g5 43. Re8 Bf4 44. c5 1-0

[Event "Mecklenburg-Vorpommern 2-Sachsen-Anhalt"]
[Site "Wismar"]
[Date "2009.10.01"]
[Round "4.2"]
[White "Wolf, Christoph"]
[Black "Mertens, Pauline"]
[Result "1/2-1/2"]
[WhiteElo "1963"]
[BlackElo "2014"]
[PlyCount "79"]
[EventDate "2009.??.??"]
[WhiteTeam "Mecklenburg-Vorpommern 2"]
[BlackTeam "Sachsen-Anhalt"]

1. e4 {[%emt 0:00:00]} c5 2. Nc3 d6 3. Bb5+ Bd7 4. Bxd7+ Qxd7 5. f4 Nc6 6. Nf3
g6 7. O-O Bg7 8. d3 e6 9. Be3 Nd4 10. Bxd4 cxd4 11. Ne2 e5 12. c3 dxc3 13. bxc3
Ne7 14. d4 exf4 15. Nxf4 O-O 16. Kh1 Rac8 17. Rc1 b5 18. Qb3 Bh6 19. Ne1 Qc6
20. Qb1 d5 21. exd5 Nxd5 22. Nxd5 Qxd5 23. Rc2 Qc4 24. Nf3 Bg7 25. Nd2 Qd5 26.
Nb3 b4 27. cxb4 Rxc2 28. Qxc2 Qb5 29. Rd1 Qxb4 30. Qc5 Qb8 31. d5 Rc8 32. Qf2
Rd8 33. Na5 Qc7 34. Nb3 Be5 35. g3 a5 36. Qc5 Qxc5 37. Nxc5 Bc7 38. Nb7 Rd7 39.
Nc5 Rd8 40. Nb7 1/2-1/2

[Event "Mecklenburg-Vorpommern 2-Sachsen-Anhalt"]
[Site "Wismar"]
[Date "2009.10.01"]
[Round "4.3"]
[White "Mueller, Alexander"]
[Black "Weber, Max"]
[Result "1/2-1/2"]
[WhiteElo "1928"]
[BlackElo "1894"]
[PlyCount "126"]
[EventDate "2009.??.??"]
[WhiteTeam "Sachsen-Anhalt"]
[BlackTeam "Mecklenburg-Vorpommern 2"]

1. e4 {[%emt 0:00:00]} e6 2. d4 d5 3. Nd2 Be7 4. Bd3 c5 5. dxc5 Nf6 6. Qe2 O-O
7. Ngf3 a5 8. O-O Nc6 9. c3 Nd7 10. exd5 exd5 11. Nb3 a4 12. Nbd4 Nxc5 13. Bf5
Re8 14. Qc2 Bxf5 15. Nxf5 Bf6 16. Be3 Ne4 17. N5d4 Qd7 18. Rad1 Na5 19. Bf4 Nc4
20. Rfe1 Rad8 21. Ne2 Qb5 22. b3 axb3 23. axb3 Ncd6 24. Nfd4 Qb6 25. Bxd6 Qxd6
26. f3 Nc5 27. b4 Ne6 28. Nf5 Qc7 29. Qd3 g6 30. Nh6+ Kf8 31. Ng4 Bg7 32. g3
Qc4 33. Ne3 Qxd3 34. Rxd3 d4 35. cxd4 Nxd4 36. Nxd4 Rxd4 37. Rxd4 Bxd4 38. Kf2
Re6 39. f4 Ke7 40. Kf3 Kd7 41. Re2 b5 42. Nc2 Rxe2 43. Kxe2 Bg1 44. Kf1 Ba7 45.
h3 f5 46. Ke2 Kc6 47. Kd3 Bf2 48. g4 fxg4 49. hxg4 h5 50. f5 gxf5 51. gxh5 Kd5
52. h6 Bh4 53. Nd4 f4 54. Nxb5 Ke5 55. Nd4 Kf6 56. Ke4 Kg6 57. Kxf4 Bg5+ 58.
Ke5 Kxh6 59. Ne6 Be3 60. Kd6 Kg6 61. Nc5 Kf6 62. b5 Bf4+ 63. Kd7 Be3 1/2-1/2

[Event "Mecklenburg-Vorpommern 2-Sachsen-Anhalt"]
[Site "Wismar"]
[Date "2009.10.01"]
[Round "4.4"]
[White "Schreiber, Kevin"]
[Black "Zimmermann, Christian"]
[Result "1-0"]
[WhiteElo "1752"]
[BlackElo "1720"]
[PlyCount "31"]
[EventDate "2009.??.??"]
[WhiteTeam "Mecklenburg-Vorpommern 2"]
[BlackTeam "Sachsen-Anhalt"]

1. d4 {[%emt 0:00:00]} Nf6 2. Bf4 c5 3. e3 e6 4. c3 b6 5. Bd3 Bb7 6. Nf3 Be7 7.
Nbd2 cxd4 8. exd4 O-O 9. h3 d6 10. O-O Nbd7 11. Re1 Rc8 12. Qe2 Re8 13. Ng5 Nd5
14. Qh5 Bxg5 15. Qxh7+ Kf8 16. Bxd6+ 1-0

[Event "Mecklenburg-Vorpommern 2-Sachsen-Anhalt"]
[Site "Wismar"]
[Date "2009.10.01"]
[Round "4.5"]
[White "Mueller, Alexandra"]
[Black "Siegert, Gregor"]
[Result "1-0"]
[WhiteElo "1713"]
[BlackElo "1435"]
[PlyCount "95"]
[EventDate "2009.??.??"]
[WhiteTeam "Sachsen-Anhalt"]
[BlackTeam "Mecklenburg-Vorpommern 2"]

1. e4 {[%emt 0:00:00]} c5 2. Nf3 d6 3. d4 cxd4 4. Nxd4 Nf6 5. Nc3 a6 6. Be3 e6
7. Be2 Nbd7 8. Nb3 Be7 9. O-O O-O 10. a4 b6 11. f4 Bb7 12. Bf3 Qc7 13. Kh1 Rac8
14. Qe1 Rfd8 15. Qg3 d5 16. exd5 Nxd5 17. Nxd5 Bxd5 18. Bxd5 exd5 19. Nd4 Nf6
20. Nf5 Bf8 21. c3 Ne4 22. Qh4 Re8 23. Bd4 Re6 24. Be5 Qd7 25. Qg4 f6 26. Bd4
Kh8 27. Rf3 Rce8 28. Rff1 Bc5 29. Bg1 Bxg1 30. Kxg1 Nd6 31. Nd4 R6e7 32. Qf3
Nc4 33. Qf2 h6 34. b3 Ne3 35. Rfe1 Qg4 36. h3 Qg6 37. Nc6 Re4 38. Nd4 Nxg2 39.
f5 Qg5 40. Rxe4 Nf4+ 41. Kh2 Rxe4 42. Rg1 Qh5 43. Qg3 Qf7 44. Rf1 Ne2 45. Qb8+
Kh7 46. Ne6 Rh4 47. Nf8+ Kg8 48. Ng6+ 1-0

[Event "Mecklenburg-Vorpommern 2-Sachsen-Anhalt"]
[Site "Wismar"]
[Date "2009.10.01"]
[Round "4.6"]
[White "Wulf, Constanze"]
[Black "Knopf, Felix"]
[Result "0-1"]
[WhiteElo "1276"]
[BlackElo "1667"]
[PlyCount "88"]
[EventDate "2009.??.??"]
[WhiteTeam "Mecklenburg-Vorpommern 2"]
[BlackTeam "Sachsen-Anhalt"]

1. d4 d5 2. Bf4 Nf6 3. Nf3 c6 4. e3 Nbd7 5. Bd3 e6 6. c4 dxc4 7. Bxc4 b5 8. Bd3
a6 9. Nbd2 Bb7 10. h3 c5 11. dxc5 Nxc5 12. Be2 Be7 13. O-O O-O 14. Bh2 Rc8 15.
b4 Nce4 16. Nxe4 Nxe4 17. a3 Nc3 18. Qc2 Be4 19. Qb2 Bf6 20. Rac1 Nxe2+ 21.
Qxe2 Bd3 22. Rxc8 Bxe2 23. Rxd8 Rxd8 24. Re1 Bxf3 25. gxf3 Bb2 26. Bc7 Rd7 27.
Ba5 f6 28. Re2 Bxa3 29. Rc2 Rd1+ 30. Kg2 Rb1 31. Rc6 Bxb4 32. Bxb4 Rxb4 33.
Rxa6 Kf7 34. Rb6 h5 35. Rb7+ Kg6 36. f4 Rb2 37. Kg3 b4 38. Rb6 b3 39. Rxe6 Kf5
40. Rb6 Ke4 41. Re6+ Kd5 42. Re8 Rc2 43. Rd8+ Kc4 44. Rc8+ Kd3 0-1

[Event "Mecklenburg-Vorpommern 2-Sachsen-Anhalt"]
[Site "Wismar"]
[Date "2009.10.01"]
[Round "4.7"]
[White "Priese, Annika"]
[Black "Richter, Jannina"]
[Result "1-0"]
[WhiteElo "1284"]
[BlackElo "1161"]
[PlyCount "53"]
[EventDate "2009.??.??"]
[WhiteTeam "Sachsen-Anhalt"]
[BlackTeam "Mecklenburg-Vorpommern 2"]

1. e4 e5 2. Nf3 Nc6 3. Bb5 a6 4. Ba4 Nf6 5. O-O b5 6. Bb3 Bc5 7. Re1 O-O 8. c3
Re8 9. d4 exd4 10. cxd4 Bb6 11. e5 Ng4 12. Bd5 Bb7 13. Nc3 Rb8 14. Bg5 Qc8 15.
Qd2 Nxd4 16. Bxf7+ Kxf7 17. Qf4+ Kg8 18. Nxd4 Bxd4 19. Qxd4 Nh6 20. Bxh6 gxh6
21. Rad1 Re7 22. Re3 Rg7 23. Rg3 Rxg3 24. hxg3 Bc6 25. Nd5 Kf7 26. Qf4+ Ke6 27.
Qf6# 1-0

[Event "Mecklenburg-Vorpommern 2-Sachsen-Anhalt"]
[Site "Wismar"]
[Date "2009.10.01"]
[Round "4.8"]
[White "Wagner, Swenja"]
[Black "Pallas, Sebastian"]
[Result "0-1"]
[WhiteElo "845"]
[BlackElo "1371"]
[PlyCount "128"]
[EventDate "2009.??.??"]
[WhiteTeam "Mecklenburg-Vorpommern 2"]
[BlackTeam "Sachsen-Anhalt"]

1. e4 c5 2. Nf3 Nc6 3. d4 cxd4 4. Nxd4 Nf6 5. Nc3 d6 6. Bb5 Bd7 7. Bg5 e6 8.
O-O Be7 9. Qd2 O-O 10. Qe3 Qc7 11. Bxc6 Bxc6 12. Qg3 Bxe4 13. Bh6 Bg6 14. Ndb5
Qb8 15. Bf4 e5 16. Nd5 Nxd5 17. Bg5 Bxg5 18. Qxg5 a6 19. c4 Nb6 20. Na3 Qd8 21.
Qe3 Rc8 22. b3 Qc7 23. Rfd1 Rfd8 24. g3 Qc5 25. Qc1 h6 26. Qb2 d5 27. Rac1 d4
28. b4 Qe7 29. Re1 f6 30. f4 Nd7 31. b5 a5 32. Nb1 b6 33. Qxd4 Qc5 34. Qxc5
Rxc5 35. Nd2 Rdc8 36. a4 exf4 37. gxf4 Kf8 38. Re3 Rd5 39. cxd5 Rxc1+ 40. Nf1
Nc5 41. d6 Bd3 42. Rf3 Rxf1+ 43. Rxf1 Bxf1 44. Kxf1 Nxa4 45. d7 Ke7 46. Ke2
Nc3+ 47. Kd3 Nxb5 48. f5 Kxd7 49. h4 Nd6 50. h5 Nxf5 51. Kc4 Kc6 52. Kb3 b5 53.
Ka3 Nd4 54. Kb2 b4 55. Ka2 a4 56. Kb2 Kc5 57. Ka2 a3 58. Ka1 Nc2+ 59. Ka2 Kc4
60. Kb1 Kb3 61. Kc1 a2 62. Kd1 a1=Q+ 63. Ke2 Qe1+ 64. Kd3 Qe3# 0-1